000 00718cam a2200229 a 4500
001 000011185
005 20200929162401.0
008 920807s1989 pr a 000 0 spa
020 _a0865814503
035 _a(DLC) 92196491
040 _aDO-SdBNP
_bspa
_cBNPHU
050 0 0 _aMLCS 92/18276 (P)
082 _ann
_bR696v
100 1 _aRodríguez Nietzsche, Vicente,
_d1942-
_926725
245 1 0 _aVuelvo a enhebrar la musical costura /
_cVicente Rodríguez Nietzsche.
260 _aHato Rey :
_bGuajana ;
_bInstituto de Cultura Puertorriqueña,
_c1989.
300 _a39 p. :
_bil. ;
_c21 cm.
490 1 _aEspada y flor
830 0 _aEspada y flor.
_914204
910 _aCatalogación por copia / LC
049 _aBNGR
999 _c10907
_d10907